=LDR 00000nam 2200000 4500 =001 NUTBA000000000000634 =005 20140326151826.0 =006 =007 =008 =020 ##$$a 979-461-431-9 =035 ##$$a 0010-031400000000633 =040 ##$$a Ind =082 ##$$a 636.089 3 =090 ##$$a 636.089 3$bGlo g =245 ##$$a Glosarium kedokteran hewan$cPenyunting;Emir A siregar =250 ##$$a Ed. 1 =260 ##$$a Jakarta$bYayasan obor indonesia$c2003. =300 ##$$a Vii,137 Hlm$c21 cm. =850 ##$$a NBPNMAT =990 ##$$a 20616488 =990 ##$$a 91797/BPAP-NTB/2014